Social issues in business : a text with current readings and cases /

Bibliographic Details
Main Author: Luthans, Fred
Other Authors: Hodgetts, Richard M.
Format: Book
Language:English
Published: New York : London : Macmillan ; Collier Macmillan, [1976]
Edition:2nd ed.
Subjects:

MARC

Tag First Indicator Second Indicator Subfields
LEADER 00000pam a2200000 a 4500
001 in00000537893
005 20151013175603.0
008 750219s1976 nyua b 00110 engm
010 |a  75005643  
020 |a 0023729309 
035 |a (OCoLC)01230629 
035 |9 ACH6127AM 
040 |a DLC  |c DLC  |d m.c.  |d TXA  |d UtOrBLW 
043 |a n-us--- 
049 |a TXAM  |c [777936] 
050 0 0 |a HD60.5.U5  |b L872 1976 
082 0 |a 658.4/08/0973 
100 1 |a Luthans, Fred. 
245 1 0 |a Social issues in business :  |b a text with current readings and cases /  |c Fred Luthans and Richard M. Hodgetts. 
250 |a 2nd ed. 
264 1 |a New York :  |b Macmillan ;  |a London :  |b Collier Macmillan,  |c [1976] 
264 4 |c ©1976 
300 |a xi, 596 pages :  |b illustrations ;  |c 24 cm. 
336 |a text  |b txt  |2 rdacontent 
337 |a unmediated  |b n  |2 rdamedia 
338 |a volume  |b nc  |2 rdacarrier 
500 |a A revision of the author's works previously published in 1972 as separate volumes entitled: Social issues in business, and Readings on the current social issues in business. 
504 |a Includes bibliographies and indexes. 
650 0 |a Industries  |x Social aspects  |z United States. 
700 1 |a Hodgetts, Richard M. 
999 |a MARS 
999 f f |s d12be4d7-93e3-367f-a5b1-ca150e36332c  |i 6194e99e-15a2-3aeb-bed1-93a52b9ee675  |t 0 
952 f f |p ric  |a Texas A&M University  |b Rellis Campus  |c Joint Library Facility  |d Remote Storage  |t 0  |e HD60.5.U5 L872 1976  |h Library of Congress classification  |i unmediated -- volume  |m A14808848386 
998 f f |a HD60.5.U5 L872 1976  |t 0  |l Remote Storage